Electra Heart by Marina and the Diamonds - Statistics

General Stats
  • This quiz has been taken 573 times
  • The average score is 12 of 17
Answer Stats
Hint Answer % Correct
Bubblegum Bitch
92%
Primadonna
92%
Teen Idle
85%
Lies
82%
How to be a Heartbreaker
81%
Homewrecker
78%
Starring Role
76%
Power and Control
73%
Radioactive
73%
Fear and Loathing
70%
Valley of the Dolls
70%
Sex Yeah
69%
State Of Dreaming
69%
Hypocrates
63%
Lonely Hearts Club
57%
Buy the Stars
55%
Living Dead
55%
No matching quizzes found
Score Distribution
Percent of People with Each Score
Percentile by Number Answered
Your Score History
You have not taken this quiz